Zdaňovanie príjmov fyzických osôb z podnikateľskej činnosti bakalárska práca

Uložené v:
Podrobná bibliografia
Hlavný autor: Bodnár, Martin
Korporativný autor: Podnikovohospodárska fakulta EU so sídlom v Košiciach. Katedra účtovníctva a financií
Ďalší autori: Simonidesová, Jana, 1968-
Médium: Kniha
Jazyk:Slovak
Vydavateľské údaje: Košice 2011
Tagy: Pridať tag
Žiadne tagy, Buďte prvý, kto otaguje tento záznam!

MARC

LEADER 00000nbm a2200000 4500
001 0139215
005 20161109111610.1
041 0 |a slo 
044 |a SK 
245 1 0 |a Zdaňovanie príjmov fyzických osôb z podnikateľskej činnosti  |b bakalárska práca  |c Martin Bodnár ; školiteľ: Jana Simonidesová 
264 1 |a Košice  |c 2011 
300 |a 52 s. 
100 1 |a Bodnár, Martin 
700 1 |a Simonidesová, Jana, 1968- 
710 2 |a Podnikovohospodárska fakulta EU so sídlom v Košiciach. Katedra účtovníctva a financií